000 00424 a2200169 4500
001 107744
020 _a0321118200
041 _apor
082 _aP Year 4 [E]
100 _aWesley, Addison.
697 _aTeacher Guide.
040 _aBR-BrIDEA
_cBR-BrIDEA
090 _aP Year 4 [E]
_bWES
245 1 0 _aMath Makes Sense 4
_bteacher“s guide : unit 11
_c Addison Wesley
260 _a[S.l.]
_bPearson
_c2004
942 _cBK
999 _c107744
_d107744